000 00507nam a22001817a 4500
003 0
005 20240422104931.0
008 240422b xxu||||| |||| 00| 0 eng d
020 _a9781787415997
050 _aER
_bGig459 2020
082 _aER
_bGig459 2020
245 _aGigantosaurus : rocky out, rocky
260 _aLondon
_bA Templar Book
_cc2020.
300 _aunpaged:
_bcolored illustrations ;
_c26cm.
650 _aGigantosaurus--Picture Books.
650 _aEasy Reading Book
942 _2ddc
_cBK
999 _c365953
_d365953